Практикум по технической термодинамике и тепломассообмену: учебное пособие
| Главный автор: | |
|---|---|
| Автор-организация: | |
| Другие авторы: | , |
| Примечания: | Заглавие с титульного экрана Электронная версия печатной публикации В пособии приведены основные теоретические сведения по темам практических занятий и лабораторных работ; описание лабораторных установок и экспериментальных методов, лежащих в их основе; порядок выполнения работ; сформулированы практические задания для самостоятельной работы студентов; представлен комплекс контрольно-измерительных материалов для оценки знаний студентов. Предназначено для преподавателей и студентов технических вузов, изучающих дисциплины, включающие основы технической термодинамики и теплопередачи Режим доступа: из корпоративной сети ТПУ |
| Язык: | русский |
| Опубликовано: |
Томск, Изд-во ТПУ, 2010
|
| Предметы: | |
| Online-ссылка: | http://www.lib.tpu.ru/fulltext2/m/2011/m249.pdf |
| Формат: | Электронный ресурс Книга |
| Запись в KOHA: | https://koha.lib.tpu.ru/cgi-bin/koha/opac-detail.pl?biblionumber=197405 |
MARC
| LEADER | 00000nlm0a2200000 4500 | ||
|---|---|---|---|
| 001 | 197405 | ||
| 005 | 20240122142329.0 | ||
| 035 | |a (RuTPU)RU\TPU\book\215332 | ||
| 090 | |a 197405 | ||
| 100 | |a 20110610d2010 m y0rusy50 ca | ||
| 101 | 0 | |a rus | |
| 102 | |a RU | ||
| 105 | |a a j 001zy | ||
| 135 | |a drcn ---uucaa | ||
| 181 | 0 | |a i | |
| 182 | 0 | |a b | |
| 200 | 1 | |a Практикум по технической термодинамике и тепломассообмену |e учебное пособие |f Б. В. Борисов, А. В. Крайнов, В. Е. Юхнов |g Национальный исследовательский Томский политехнический университет (ТПУ) | |
| 203 | |a Текст |c электронный | ||
| 210 | |a Томск |c Изд-во ТПУ |d 2010 | ||
| 300 | |a Заглавие с титульного экрана | ||
| 300 | |a Электронная версия печатной публикации | ||
| 330 | |a В пособии приведены основные теоретические сведения по темам практических занятий и лабораторных работ; описание лабораторных установок и экспериментальных методов, лежащих в их основе; порядок выполнения работ; сформулированы практические задания для самостоятельной работы студентов; представлен комплекс контрольно-измерительных материалов для оценки знаний студентов. Предназначено для преподавателей и студентов технических вузов, изучающих дисциплины, включающие основы технической термодинамики и теплопередачи | ||
| 333 | |a Режим доступа: из корпоративной сети ТПУ | ||
| 337 | |a Adobe Reader | ||
| 452 | 1 | |0 (RuTPU)RU\TPU\book\201623 |t Практикум по технической термодинамике и тепломассообмену |o учебное пособие для вузов |f Б. В. Борисов, А. В. Крайнов, В. Е. Юхнов |g Национальный исследовательский Томский политехнический университет (ТПУ) |c Томск |n Изд-во ТПУ |d 2010 |p 141 с. |a Борисов, Борис Владимирович | |
| 606 | 1 | |a Термодинамика техническая |x (теплотехника) |2 stltpush |3 (RuTPU)RU\TPU\subj\68640 |9 83835 | |
| 610 | 1 | |a электронный ресурс | |
| 610 | 1 | |a труды учёных ТПУ | |
| 610 | 1 | |a учебные пособия | |
| 610 | 1 | |a тепломассообмен | |
| 610 | 1 | |a математическая обработка | |
| 610 | 1 | |a погрешности | |
| 610 | 1 | |a физические исследования | |
| 610 | 1 | |a автоматизация | |
| 610 | 1 | |a идеальные газы | |
| 610 | 1 | |a воздух | |
| 610 | 1 | |a удельная теплоемкость | |
| 610 | 1 | |a эффект Джоуля-Томсона | |
| 610 | 1 | |a параметры | |
| 610 | 1 | |a дросселирование | |
| 610 | 1 | |a влажный воздух | |
| 610 | 1 | |a проницаемость | |
| 610 | 1 | |a теплопередача | |
| 610 | 1 | |a теплообмен излучением | |
| 610 | 1 | |a лучистый теплообмен | |
| 610 | 1 | |a лабораторные работы | |
| 610 | 1 | |a самостоятельная работа | |
| 610 | 1 | |a контрольные задания | |
| 610 | 1 | |a теоретические сведения | |
| 610 | 1 | |a контрольно-измерительные материалы | |
| 610 | 1 | |a тесты | |
| 610 | 1 | |a практикумы | |
| 675 | |a 621.1.016.7(076.5) |v 3 | ||
| 700 | 1 | |a Борисов |b Б. В. |c специалист в области теплотехники |c профессор Томского политехнического университета, доктор физико-математических наук |f 1954- |g Борис Владимирович |3 (RuTPU)RU\TPU\pers\27008 |9 12593 | |
| 701 | 1 | |a Крайнов |b А. В. |c специалист в области теплотехники |c доцент Томского политехнического университета, кандидат физико-математических наук |f 1974- |g Александр Валерьевич |3 (RuTPU)RU\TPU\pers\26016 | |
| 701 | 1 | |a Юхнов |b В. Е. |c специалист в области теплотехники |c ассистент Томского политехнического университета |f 1977- |g Вячеслав Евгеньевич |3 (RuTPU)RU\TPU\pers\25537 | |
| 712 | 0 | 2 | |a Национальный исследовательский Томский политехнический университет (ТПУ) |c (2009- ) |3 (RuTPU)RU\TPU\col\15902 |
| 801 | 1 | |a RU |b 63413507 |c 20110610 | |
| 856 | 4 | |u http://www.lib.tpu.ru/fulltext2/m/2011/m249.pdf | |
| 942 | |c CF | ||